<?xml version="1.0" encoding="UTF-8"?>
<collection xmlns:xsi="http://www.w3.org/2001/XMLSchema-instance" xsi:schemaLocation="http://www.loc.gov/MARC21/slim http://www.loc.gov/standards/marcxml/schema/MARC21slim.xsd" xmlns="http://www.loc.gov/MARC21/slim">
 <record>
  <leader>00000cam a22000004a 4500</leader>
  <controlfield tag="001">UP-99796217604324241</controlfield>
  <controlfield tag="003">Buklod</controlfield>
  <controlfield tag="005">20230503092542.0</controlfield>
  <controlfield tag="006">ta    r     ||| u </controlfield>
  <controlfield tag="007">ta</controlfield>
  <controlfield tag="008">080210s1972    xx a    r    |000 u|eng d</controlfield>
  <datafield tag="035" ind1=" " ind2=" ">
   <subfield code="a">(iLib)UPD-00000255308</subfield>
  </datafield>
  <datafield tag="040" ind1=" " ind2=" ">
   <subfield code="a">DML</subfield>
  </datafield>
  <datafield tag="041" ind1=" " ind2=" ">
   <subfield code="a">eng</subfield>
  </datafield>
  <datafield tag="042" ind1=" " ind2=" ">
   <subfield code="a">DMLUC</subfield>
  </datafield>
  <datafield tag="090" ind1=" " ind2=" ">
   <subfield code="a">GV 476</subfield>
   <subfield code="b">L43 1972</subfield>
  </datafield>
  <datafield tag="100" ind1="1" ind2=" ">
   <subfield code="a">Lee, James Yimm</subfield>
  </datafield>
  <datafield tag="245" ind1="1" ind2="0">
   <subfield code="a">Wing chun kung-fu</subfield>
   <subfield code="c">James Yimm Lee.</subfield>
  </datafield>
  <datafield tag="264" ind1=" " ind2="1">
   <subfield code="a">Los Angeles, Calif.</subfield>
   <subfield code="a">Mandaluyong, Rizal</subfield>
   <subfield code="b">Ohara Pub.</subfield>
   <subfield code="b">Cacho Hermanos</subfield>
   <subfield code="c">[c1972]</subfield>
  </datafield>
  <datafield tag="300" ind1=" " ind2=" ">
   <subfield code="a">223 p.</subfield>
   <subfield code="b">ill.</subfield>
  </datafield>
  <datafield tag="500" ind1=" " ind2=" ">
   <subfield code="a">&quot;Reprinted under authority of Presidential Decree No. 285.&quot;</subfield>
  </datafield>
  <datafield tag="500" ind1=" " ind2=" ">
   <subfield code="a">On cover: Chinese art of self-defense.</subfield>
  </datafield>
  <datafield tag="650" ind1=" " ind2="0">
   <subfield code="a">Karate.</subfield>
  </datafield>
  <datafield tag="740" ind1="0" ind2=" ">
   <subfield code="a">Chinese art of self-defense.</subfield>
  </datafield>
  <datafield tag="842" ind1=" " ind2=" ">
   <subfield code="a">Book</subfield>
  </datafield>
  <datafield tag="905" ind1=" " ind2=" ">
   <subfield code="a">FI</subfield>
  </datafield>
  <datafield tag="950" ind1=" " ind2=" ">
   <subfield code="a">Monograph</subfield>
  </datafield>
  <datafield tag="852" ind1="0" ind2=" ">
   <subfield code="a">UPD</subfield>
   <subfield code="b">DMLF</subfield>
   <subfield code="h">GV 476</subfield>
   <subfield code="i">L43 1972</subfield>
  </datafield>
  <datafield tag="942" ind1=" " ind2=" ">
   <subfield code="a">Book</subfield>
  </datafield>
 </record>
</collection>
